00433nam a22001577a 4500003000500000020000600005038001600011082001700027100001900044245004400063260006100107300001300168500001400181880003600195880004400231NUST a- aZafar Malik a891.421bNAZ aNazli, Shaheen aKhayal Khawab Tay Rang \cShaheen Nazli aLahore :bSheikh Ghulam Ali and Sons Publishers ;c1978. a176 p. ; aHardcover 6100-02\raشاہین نازلی 6245-02\raخیال خواب تے رنگ